Toque de queda

Պահպանված է:
Մատենագիտական մանրամասներ
Հիմնական հեղինակ: Sender, Ramón J (Հեղինակ)
Ձևաչափ: Գիրք
Լեզու:իսպաներեն
Հրապարակվել է: Barcelona Plaza & Janés 1985
Շարք:Plaza & Janés. Literaria
Խորագրեր:
Ցուցիչներ: Ավելացրեք ցուցիչ
Չկան պիտակներ, Եղեք առաջինը, ով նշում է այս գրառումը!

MARC

LEADER 00000nam a2200000 a 4500
001 UCQ6084
003 CL-VaPUC
008 981009e19850000SP |||||||||||||||||spa|d
082 0 4 |a 863  |b SEN  |2 21 
100 0 |a Sender, Ramón J  |e author  |9 420032 
245 1 0 |a Toque de queda 
300 |a 248 p 
942 |c BK 
945 |d 19981009 00:00:00  |a lriquelm 
260 |a Barcelona  |b Plaza & Janés  |c 1985 
650 0 |a Literatura española  |9 306261 
650 0 |a Novelas españolas  |9 265052 
583 |a last modification  |c 19981009 00:00:00  |k Rodrigo Vera 
490 0 |a Plaza & Janés. Literaria 
999 |c 276087  |d 276085 
952 |0 0  |1 0  |4 0  |6 863_000000000000000_SEN_1985  |7 0  |8 A  |9 313216  |a FDOPOS  |b FDOPOS  |d 2019-11-20  |i 1478680  |o 863 SEN 1985  |p 1478680  |r 2025-01-22  |w 2019-11-20  |y BK  |k MLH